[Event "GCT Superbet Romania 2021"]
[Site "Bucharest"]
[Date "2021.06.07"]
[Round "3.5"]
[White "Lupulescu, Constantin"]
[Black "Giri, Anish"]
[Result "1-0"]
[WhiteElo "2656"]
[BlackElo "2780"]
[Annotator "TA"]
[PlyCount "77"]
[EventDate "2021.06.05"]
[EventType "tourn"]
[EventCountry "ROU"]
[SourceTitle "playchess.com"]
[Source "ChessBase"]
[SourceQuality "1"]

{[%evp 11,77,3,5,0,16,0,2,-1,6,6,5,7,4,2,12,0,0,0,7,-10,-7,-27,-4,-6,-5,-2,-2,
-34,-6,-75,-79,-76,-14,-19,-12,-12,-3,-13,0,-13,-16,-11,0,0,0,-33,0,0,0,0,32,
31,583,573,29989,29990,29990,29991,29990,29991,29990,0,29991,670,29993,29994,
29994,29995]} 1. c4 e5 2. Nc3 Nf6 3. Nf3 Nc6 4. e3 Bb4 5. Qc2 Bxc3 6. Qxc3 Qe7
7. d4 $1 {[%mdl 4] now scores much better than the old 7.a3. A28: English
Opening: Four Knights Variation.} Ne4 8. Qd3 exd4 9. Nxd4 {The position is
equal.} Nc5 10. Qd1 Nxd4 11. Qxd4 O-O 12. Be2 b6 13. O-O Bb7 {[#]} 14. f3 $146
({Predecessor:} 14. Bd2 Ne6 15. Qc3 Nf4 16. exf4 Qxe2 17. Rae1 Qg4 18. f3 Qf5
19. Re5 Qf6 20. Qd3 {1/2-1/2 (27) Jakovenko,D (2704)-Motylev,A (2668) Izhevsk
2019}) 14... a5 15. Bd2 f5 16. Rad1 d6 17. b3 Rae8 18. Rf2 Rf6 19. Bd3 Qf7 20.
Re2 (20. Rdf1 $11 {keeps the balance.}) 20... Qh5 $17 21. Be1 Be4 22. Bb1 $11 {
[#] Hoping for g4.} ({Don't blunder} 22. fxe4 $2 fxe4 23. Qd5+ Qxd5 $19) 22...
Rg6 23. Bg3 Bxb1 24. Rxb1 {[#]} Ne4 $1 25. Rbe1 ({But not} 25. Qd5+ Kf8 $17)
25... Nxg3 26. Qd5+ $1 Kh8 27. hxg3 Rxg3 28. e4 Qxf3 {aiming for ...h6.} 29.
Qf7 $40 {[%cal Rf7e8][%mdl 192] Double Attack. White mounts an attack.} Rg8 30.
exf5 Qc6 31. Rf2 {And now Re7 would win.} Qc5 $2 {[%mdl 8192]} ({Black should
play} 31... a4 $1 $14) 32. Re7 $1 $18 ({Worse is} 32. Re8 Rxg2+ $3 {[%mdl 512]}
33. Kh1 Rh2+ 34. Kxh2 Qxf2+ 35. Kh3 Qf3+ 36. Kh4 Qf2+ 37. Kg4 Qg2+ 38. Kh4 g5+
39. fxg6 Qh2+ 40. Kg4 Qg2+ 41. Kh4 Qh2+ 42. Kg4 Qg2+ 43. Kh4 $11) 32... Qd4 {
...Rc3 is the strong threat.} 33. Re8 {[%csl Gf7][%cal Re8g8]} Rxg2+ 34. Kxg2 {
[%csl Gf7][%cal Re8g8]} Qg4+ 35. Kh2 {[%csl Gf7][%cal Re8g8]} Qh4+ 36. Kg2 {
[%csl Gf7][%cal Re8g8]} Qg4+ 37. Kf1 (37. Kh1 $142 Qh3+ 38. Kg1 Qg4+ 39. Rg2
Qd4+ 40. Kh1 Qh4+ 41. Rh2 Qe4+ 42. Rxe4 h6 43. Rg4 Kh7 {[#]} 44. Rxh6+ $3 {
[%mdl 512]} Kxh6 45. Qg6#) 37... Qh3+ 38. Ke1 {[%csl Gf7][%cal Re8g8]} Qc3+ 39.
Rd2 {[%csl Gf7][%cal Re8g8] Weighted Error Value: White=0.41/Black=0.69} 1-0

[Event "GCT Superbet Romania 2021"]
[Site "Bucharest"]
[Date "2021.06.08"]
[Round "4.1"]
[White "So, Wesley"]
[Black "Caruana, Fabiano"]
[Result "1-0"]
[WhiteElo "2770"]
[BlackElo "2820"]
[Annotator "TA"]
[PlyCount "103"]
[EventDate "2021.06.05"]
[EventType "tourn"]
[EventCountry "ROU"]
[SourceTitle "playchess.com"]
[Source "ChessBase"]
[SourceQuality "1"]

{[%evp 9,103,0,0,0,0,0,0,0,0,0,3,-4,12,6,10,8,20,3,0,0,34,34,42,22,29,20,29,13,
20,29,29,29,33,26,42,0,118,99,143,137,185,187,196,188,186,168,173,181,188,177,
214,210,211,214,250,241,216,211,294,287,279,271,355,347,401,401,401,401,400,
400,399,394,377,379,372,331,402,401,402,402,402,402,402,388,393,388,366,374,
431,429,434,431,529,522,499,462]} 1. c4 e5 2. g3 Nf6 3. Bg2 Bc5 4. d3 c6 5. Nf3
d6 6. O-O {A20: English Opening: 1...e5.} O-O 7. Nc3 a5 8. d4 {The position is
equal.} exd4 9. Nxd4 {[#]} a4 $146 ({Predecessor:} 9... Re8 10. h3 Nbd7 11. b3
Qe7 12. Bb2 Nb6 13. e3 a4 14. Rc1 Bd7 {1/2-1/2 (39) Sakhabeev,R-Boecher,H ICCF
email 2002}) 10. Rb1 Re8 11. e3 Qa5 12. Bd2 Bg4 13. f3 Bh5 14. Ne4 Qd8 {
[#] aiming for ...Nxe4.} 15. Nxc5 dxc5 16. Ne2 Qd3 {And now ...Rd8 would win.}
17. Nf4 Qxc4 18. b3 axb3 19. axb3 Qb5 20. e4 $36 {[%mdl 2048] White is pushing.
} Bg6 21. Bc3 {[%mdl 1024] White has compensation.} Na6 22. h4 h5 (22... Rad8
$1 $11 {remains equal.} 23. Qc1 Nd5) 23. Qc1 {White leaves nothing to chance
now.} Kh7 24. Rd1 Rad8 25. Qb2 c4 {...Rxd1+ would now be nice for Black.} 26.
Bxf6 gxf6 27. Qxf6 ({Resist} 27. Rxd8 $6 Rxd8 28. Qxf6 Qc5+ 29. Kh2 Rd6 $16)
27... Rxd1+ 28. Rxd1 Qc5+ 29. Kh2 Qe7 30. Qxe7 Rxe7 31. bxc4 Kg7 32. Bh3 Nc5
33. Rd6 f6 34. Ne6+ Nxe6 35. Bxe6 $18 {[%mdl 4096] Endgame KRB-KRB} ({But not} 
35. Rxe6 $6 Rxe6 36. Bxe6 b6 $16) 35... Be8 36. c5 Bf7 37. Bc8 Re5 38. Bxb7
Rxc5 39. Rxc6 Rb5 40. Ba6 Rb2+ 41. Kg1 Be8 42. Rc5 Kh6 43. Kf1 Bd7 44. Be2 Be8
45. Kf2 Rb3 46. Rd5 Ra3 47. Bd3 Kg7 48. Ke3 Rb3 49. Kf4 {White is clearly
winning.} Rb4 50. Rc5 Bf7 51. Rc7 Kg6 52. g4 {Weighted Error Value: White=0.04/
Black=0.21} 1-0

[Event "GCT Superbet Romania 2021"]
[Site "Bucharest"]
[Date "2021.06.08"]
[Round "4.2"]
[White "Grischuk, Alexander"]
[Black "Deac, Bogdan-Daniel"]
[Result "1-0"]
[WhiteElo "2776"]
[BlackElo "2627"]
[Annotator "TA"]
[PlyCount "123"]
[EventDate "2021.06.05"]
[EventType "tourn"]
[EventCountry "ROU"]
[SourceTitle "playchess.com"]
[Source "ChessBase"]
[SourceQuality "1"]

{[%evp 14,123,15,17,16,17,22,18,26,13,24,25,21,16,33,0,60,64,56,33,27,27,23,20,
17,21,53,57,39,22,16,19,47,47,77,70,72,76,89,73,95,95,98,99,96,99,104,102,107,
104,111,96,106,86,102,101,104,104,113,96,106,103,97,93,105,103,105,89,96,94,93,
94,93,88,89,91,105,104,94,0,38,0,95,89,100,35,35,65,66,35,46,19,130,136,131,
134,172,164,246,257,295,196,196,154,929,913,935,929,678,593,981,806]} 1. Nf3 d5
2. d4 Nf6 3. c4 e6 4. Nc3 c5 5. cxd5 cxd4 6. Qxd4 exd5 7. Bg5 Be7 8. e3 O-O {
D50: Queen's Gambit Declined: Dutch-Peruvian Gambit.} 9. Be2 Nc6 10. Qd3 h6 {
The position is equal.} 11. Bh4 Be6 12. O-O Qb6 13. a3 Rfd8 {[#]} ({Don't
blunder} 13... Qxb2 $2 14. Rfb1 $18) 14. Rfd1 $146 ({Predecessor:} 14. Nb5 Rac8
15. Nbd4 Bg4 16. b4 Bxf3 17. Nxc6 bxc6 18. Bxf3 a5 19. Rab1 axb4 20. axb4 {
1-0 (34) Tihonov,J (2537)-Terekhin,A (2323) Perm 2007}) 14... Ne4 ({But not} 
14... Qxb2 $2 15. Rdb1 $18) (14... d4 $11 15. Nxd4 Nxd4 16. exd4 Rac8) 15. Bxe7
$14 ({Reject} 15. Nxe4 $6 dxe4 16. Qxe4 Rxd1+ 17. Rxd1 Bxh4 $11) 15... Nxe7 16.
Nd4 Nxc3 17. Qxc3 Rac8 18. Qd2 Nf5 19. Bf3 Rc4 20. Nxf5 Bxf5 21. Bxd5 Be6 22.
e4 Bxd5 23. exd5 Qb5 24. h3 Rd6 25. b4 Rc7 26. Qf4 Rcd7 27. Rac1 Rxd5 28. Rxd5
Qxd5 $16 {[%mdl 4096] Endgame KQR-KQR} 29. Qb8+ Kh7 30. Qxa7 Qd2 31. Qc5 g6 32.
Qc3 Qf4 33. Re1 (33. Qe3 {is more complex.} Qh4 34. Kh2 h5 35. g3 Qd8 36. Qf4)
33... Rd2 34. Qe3 Qd6 35. Qf3 Qc7 36. Qf6 (36. a4 {looks sharper.} Rb2 37. b5
Kg7 38. Rd1 Ra2 39. Qb3) 36... Rd6 37. Qe7 Rd7 38. Qe5 Qd8 39. g3 b6 40. a4 Rd4
41. Re4 Rd1+ 42. Kh2 Qa8 43. b5 Rf1 44. Qd4 Qb7 45. Qe3 Ra1 46. Qd4 (46. Qf4
$16) 46... Rf1 $1 $14 47. Qe3 (47. g4 $14) 47... Ra1 $1 $16 48. g4 Rd1 {[#]}
49. Qf3 (49. Qb3 $1 $16) 49... Rd4 $1 $14 {[%cal Rd4e4]} 50. Re3 $36 {[%mdl
2048] White is pushing.} Qc7+ 51. Qg3 (51. Kg2 $5 {[%cal Ra4a5]} Rxa4 52. Qf6
$14) 51... Qd7 52. Qb8 Rxa4 (52... Qd5 $11) 53. Qxb6 $16 Rf4 {[#]} 54. Kg3 $1 {
[%cal Rg3f4]} g5 55. Rf3 Rb4 (55... Rxf3+ $142 56. Kxf3 Qd3+ 57. Kg2 Qe4+ 58.
Kf1 Qd3+ 59. Kg1 Qxh3) 56. Qc6 $18 Qe6 57. Kg2 Kg8 58. Qa8+ Kh7 $2 {This costs
Black the game.} (58... Kg7 $16) 59. Qf8 $1 {[%csl LRb4,LRf7] White is clearly
winning.} Rf4 60. Rxf4 gxf4 61. Qa8 h5 62. Qc6 {Weighted Error Value: White=0.
11/Black=0.14} 1-0

[Event "GCT Superbet Romania 2021"]
[Site "Bucharest"]
[Date "2021.06.08"]
[Round "4.3"]
[White "Giri, Anish"]
[Black "Aronian, Levon"]
[Result "1/2-1/2"]
[WhiteElo "2780"]
[BlackElo "2781"]
[Annotator "TA"]
[PlyCount "68"]
[EventDate "2021.06.05"]
[EventType "tourn"]
[EventCountry "ROU"]
[SourceTitle "playchess.com"]
[Source "ChessBase"]
[SourceQuality "1"]

{[%evp 23,68,14,18,2,38,39,54,58,85,85,81,87,89,100,99,63,67,64,52,22,18,25,25,
25,27,23,40,46,67,1,1,1,5,2,2,2,4,0,0,0,0,0,0,0,0,0,4]} 1. d4 Nf6 2. c4 e6 3.
Nf3 d5 4. g3 dxc4 5. Bg2 c5 6. O-O Nc6 7. dxc5 Qxd1 8. Rxd1 Bxc5 9. Nbd2 c3 10.
bxc3 O-O 11. Nb3 Be7 12. c4 Bd7 {[#]} 13. a4 $146 {E04: Open Catalan: 5 Nf3.} (
{Predecessor:} 13. Bb2 Rfd8 14. Nfd4 Rac8 15. Nb5 b6 16. Nd6 Bxd6 17. Rxd6 Be8
18. Rd3 Rxd3 19. exd3 Nb4 20. Bf1 Ba4 {1-0 (65) Howell,D (2658)-Adams,M (2716)
Tornelo INT 2021}) 13... Rad8 14. Bb2 Bc8 15. Nfd4 {White is slightly better.}
Nxd4 16. Bxd4 b6 {[#]} 17. a5 $1 Nd7 18. axb6 axb6 19. Bc6 Bf6 20. Bb5 g5 21.
f4 gxf4 22. gxf4 Bxd4+ 23. Rxd4 {[#] aiming for Rad1.} Nf6 24. Ra7 e5 25. fxe5
Ng4 26. Ra8 (26. Re7 $14) 26... Rxd4 $11 {The position is equal.} 27. Nxd4 Nxe5
28. Rb8 Be6 29. Rxb6 Bxc4 30. Bxc4 Nxc4 {KRN-KRN} 31. Rc6 Ne5 32. Rb6 Nc4 33.
Rc6 Ne5 34. Rb6 Nc4 {Weighted Error Value: White=0.10/Black=0.05} 1/2-1/2

[Event "GCT Superbet Romania 2021"]
[Site "Bucharest"]
[Date "2021.06.08"]
[Round "4.4"]
[White "Mamedyarov, Shakhriyar"]
[Black "Radjabov, Teimour"]
[Result "1/2-1/2"]
[WhiteElo "2770"]
[BlackElo "2765"]
[Annotator "TA"]
[PlyCount "41"]
[EventDate "2021.06.05"]
[EventType "tourn"]
[EventCountry "ROU"]
[SourceTitle "playchess.com"]
[Source "ChessBase"]
[SourceQuality "1"]

{[%evp 12,41,30,18,20,9,12,6,16,0,0,16,12,2,12,0,0,-35,-34,-17,-29,-16,0,0,0,
-8,0,0,14,0,0,0]} 1. d4 Nf6 2. c4 g6 3. Nf3 Bg7 4. g3 c5 5. Bg2 cxd4 6. Nxd4
O-O 7. Nc3 Qc7 {E60: King's Indian: Unusual lines and Fianchetto Variation
without Nc3.} 8. Nd5 Nxd5 9. cxd5 ({Don't play} 9. Bxd5 e6 $17) 9... d6 10. O-O
Qb6 11. Nb3 Qa6 12. Re1 Nd7 13. e4 Ne5 {[#]} 14. Bg5 $146 ({Predecessor:} 14.
Be3 Qd3 15. Nd2 Qa6 16. Bd4 Bg4 17. f3 Bd7 18. Qb3 Rfc8 19. Bf1 Qa5 20. Be3 {
0-1 (27) Groneberg,J (1973)-Gijsen,S (2194) Dortmund 2017}) 14... Bg4 15. f3
Bd7 16. Bf1 Qb6+ {The position is equal.} 17. Be3 Qb4 18. Bd2 Qb6+ 19. Be3 Qb4
{[#] White must now prevent ...Qxe1!} 20. Bd2 Qb6+ 21. Be3 {Not much happened
in this game.  Weighted Error Value: White=0.08/Black=0.03} 1/2-1/2

[Event "GCT Superbet Romania 2021"]
[Site "Bucharest"]
[Date "2021.06.08"]
[Round "4.5"]
[White "Vachier-Lagrave, Maxime"]
[Black "Lupulescu, Constantin"]
[Result "1/2-1/2"]
[WhiteElo "2760"]
[BlackElo "2656"]
[Annotator "TA"]
[PlyCount "90"]
[EventDate "2021.06.05"]
[EventType "tourn"]
[EventCountry "ROU"]
[SourceTitle "playchess.com"]
[Source "ChessBase"]
[SourceQuality "1"]

{[%evp 20,90,0,0,0,0,20,31,16,0,0,0,0,0,0,0,0,0,0,-14,-10,-22,0,0,15,0,0,0,0,0,
0,0,43,39,39,-12,-12,-12,-12,-12,-12,-12,-12,-34,0,0,0,-20,-12,-20,-3,-3,-6,-7,
-3,-7,-3,-14,-3,-14,-3,-14,-3,-14,-3,-14,-3,-14,0,-14,0,-36,0]} 1. e4 e6 2. d4
d5 3. Nc3 Nf6 4. e5 Nfd7 5. f4 c5 6. Nf3 Nc6 7. Be3 cxd4 8. Nxd4 Qb6 9. Qd2
Qxb2 10. Rb1 Qa3 11. Bb5 {[#] Black must now prevent Rb3.} Nxd4 {C11: French:
Classical System: 4 e5 and 4 Bg5 dxe4.} 12. Bxd4 ({Of course not} 12. Qxd4 a6
$17) 12... a6 $1 {12...a6 is better than 12...Bb4.} 13. Bxd7+ Bxd7 {White is
slightly better.} 14. Rxb7 Bb4 {And now ...Rc8 would win.} 15. O-O Bc8 {[#]}
16. Rb6 $146 ({Predecessor:} 16. Rxb4 Qxb4 17. f5 exf5 18. a3 Qc4 19. e6 Bxe6
20. Qe3 Kd7 21. Bxg7 Rhg8 22. Be5 Rac8 23. Rb1 Ke8 24. Rb4 d4 25. Bxd4 Qc6 26.
g3 Rg4 27. Qe5 Rxd4 {0-1 (27) Jackson,J (2371)-Zumsande,M (2492) Douglas 2018})
16... O-O 17. Rb1 Bc5 18. R6b3 Qa5 19. Bxc5 Qxc5+ 20. Qf2 Qxf2+ (20... Qc4 {
is interesting.} 21. Qd2 Bd7 22. Ne2 Ra7 23. Nd4 Rc7) 21. Kxf2 Bd7 22. Ne2 Ba4
23. Rc3 Rfc8 24. Rxc8+ Rxc8 $11 {[%mdl 4096] Endgame KRB-KRN} 25. Nd4 g6 ({
Don't blunder} 25... Bxc2 $2 26. Rc1 $18) 26. Ke3 Rc4 27. a3 (27. Kd3 $14)
27... Bxc2 28. Rc1 {[#]} Bd3 29. Rxc4 Bxc4 {KB-KN} 30. g4 Kf8 31. Nc2 Bb3 32.
Nb4 Bc4 33. g5 Kg7 34. Kd4 h5 35. Nc6 Bb5 36. Na5 Kf8 37. Kc5 Ke7 38. Nb3 Bc4
39. Nd4 Bd3 40. a4 Bf1 41. a5 Bd3 42. Kc6 Bc4 43. Kc5 Bd3 44. Kc6 Bc4 45. Kc5
Bd3 {Weighted Error Value: White=0.07/Black=0.07} 1/2-1/2

[Event "GCT Superbet Romania 2021"]
[Site "Bucharest"]
[Date "2021.06.09"]
[Round "5.1"]
[White "Deac, Bogdan-Daniel"]
[Black "So, Wesley"]
[Result "1/2-1/2"]
[WhiteElo "2627"]
[BlackElo "2770"]
[Annotator "TA"]
[PlyCount "73"]
[EventDate "2021.06.05"]
[EventType "tourn"]
[EventCountry "ROU"]
[SourceTitle "playchess.com"]
[Source "ChessBase"]
[SourceQuality "1"]

{[%evp 9,73,0,4,0,0,0,2,0,16,5,23,17,7,3,22,30,38,36,34,10,37,22,16,16,17,16,
16,16,16,10,10,16,13,14,15,10,16,5,5,0,0,0,0,0,0,0,0,0,0,0,0,0,0,0,0,0,0,0,0,0,
0,0,0,0,0,0]} 1. d4 Nf6 2. c4 e6 3. Nf3 d5 4. Nc3 dxc4 5. e4 Bb4 6. Bxc4 {
D24: Queen's Gambit Accepted: 3 Nf3 Nf6 4 Nc3.} Nxe4 7. O-O Nxc3 8. bxc3 Be7 9.
Ne5 O-O 10. Qg4 Nc6 11. Re1 f5 12. Qf3 Nxe5 13. Rxe5 Kh8 14. Bf4 Bd6 {[#] ...
g5 is the strong threat.} (14... g5 $5 {[%cal Rg5f4]} 15. Bd2 Bd6 $11) 15. Re2
Bxf4 {The position is equal.} 16. Qxf4 Qd6 17. Qxd6 cxd6 18. Bxe6 Re8 19. Rae1
Bxe6 20. Rxe6 Rxe6 21. Rxe6 $11 {[%mdl 4096] Endgame KR-KR} Rc8 22. Rxd6 Kg8 {
[#]} 23. h4 $146 (23. Rd7 {is interesting.} Rxc3 24. g3 Ra3 25. Rxb7 a5 26. Kg2
) ({Predecessor:} 23. Rd7 Rxc3 24. g3 Ra3 25. Rxb7 Rxa2 26. d5 Rd2 27. Rxa7
Rxd5 28. h4 h5 29. Kg2 {1/2-1/2 (38) Gagare,S (2501)-Popov,I (2611) St
Petersburg 2018}) 23... Rxc3 24. Rd8+ Kf7 25. Rd7+ Kf6 26. Rxb7 Ra3 27. d5 Rxa2
28. d6 Rd2 29. Rxa7 Rxd6 30. g3 h5 31. Kg2 Re6 32. Ra8 Rd6 33. Rf8+ Kg6 34. Re8
Kf6 35. Rf8+ Kg6 36. Re8 Kf6 37. Rf8+ {Weighted Error Value: White=0.03/
Black=0.03} 1/2-1/2

[Event "GCT Superbet Romania 2021"]
[Site "Bucharest"]
[Date "2021.06.09"]
[Round "5.2"]
[White "Radjabov, Teimour"]
[Black "Grischuk, Alexander"]
[Result "1/2-1/2"]
[WhiteElo "2765"]
[BlackElo "2776"]
[Annotator "TA"]
[PlyCount "70"]
[EventDate "2021.06.05"]
[EventType "tourn"]
[EventCountry "ROU"]
[SourceTitle "playchess.com"]
[Source "ChessBase"]
[SourceQuality "1"]

{[%evp 13,70,10,10,7,10,10,10,10,13,7,8,8,14,0,0,6,17,14,7,28,27,2,0,4,8,10,5,
7,7,7,7,7,5,0,0,6,12,0,0,0,0,0,0,0,0,0,0,0,0,0,0,0,0,0,0,0,0,0,0]} 1. d4 Nf6 2.
c4 e6 3. Nf3 d5 4. Nc3 Be7 5. Bf4 O-O 6. e3 Nbd7 7. c5 Nh5 8. Bd3 {D37:
Queen's Gambit Declined: 5 Bf4.} Nxf4 9. exf4 b6 10. b4 a5 11. a3 c6 12. O-O
Ba6 $1 {[%mdl 4] now scores much better than the old 12...Qc7.} 13. Bxa6 Rxa6
14. Qe2 Qa8 15. b5 cxb5 16. Qxb5 Ra7 {[%cal Rb6c5]} 17. Ne5 (17. c6 $5 {
[%cal Rc6d7]} Nb8 18. Rfc1 $14 (18. Qxb6 Nxc6 19. Qb5 g6 $15) (18. Ne5 Bd6 $11)
) 17... Nxe5 {[%cal Bd7e5,Be5c4,Bc4d2][%mdl 32] The position is equal.} 18.
cxb6 ({Much worse is} 18. fxe5 bxc5 19. dxc5 Rb7 $17) 18... Nc4 19. bxa7 Qxa7 {
[#]} 20. f5 $146 {And now fxe6 would win.} ({Predecessor:} 20. Ne2 Rb8 21. Qa4
g6 22. Ra2 Qb6 23. g3 Kg7 24. Rc1 Bf6 25. Qd1 Nb2 26. Qc2 {1-0 (47)
Nepomniachtchi,I (2784)-Radjabov,T (2765) Chess.com INT 2020}) 20... Qxd4 {[#]}
21. Qd7 $1 Nd2 $1 22. Qxe7 {Hoping for Nb5.} Nxf1 23. fxe6 fxe6 24. Qxe6+ Kh8
25. Rxf1 Qxc3 26. Qxd5 (26. Qd6 {feels hotter.} Rc8 27. Rd1 Qc5 28. Qg3 h6 29.
Qd3) 26... Qxa3 $11 {[%mdl 4096] Endgame KQR-KQR} 27. g3 Qb4 28. Ra1 a4 29. Qc6
Qb2 {[%mdl 64] [#] Double Attack} 30. Qxa4 Qxf2+ 31. Kh1 Qf3+ 32. Kg1 Qf2+ 33.
Kh1 Qf3+ 34. Kg1 Qe3+ 35. Kh1 $1 Qf3+ {Not much happened in this game. 
Weighted Error Value: White=0.02/Black=0.01} 1/2-1/2

[Event "GCT Superbet Romania 2021"]
[Site "Bucharest"]
[Date "2021.06.09"]
[Round "5.3"]
[White "Lupulescu, Constantin"]
[Black "Mamedyarov, Shakhriyar"]
[Result "0-1"]
[WhiteElo "2656"]
[BlackElo "2770"]
[Annotator "TA"]
[PlyCount "76"]
[EventDate "2021.06.05"]
[EventType "tourn"]
[EventCountry "ROU"]
[SourceTitle "playchess.com"]
[Source "ChessBase"]
[SourceQuality "1"]

{[%evp 9,76,52,63,12,24,-3,0,0,0,0,0,0,0,0,0,0,0,0,11,3,20,0,0,0,8,0,18,13,35,
31,31,9,45,9,9,9,9,9,10,7,9,0,0,-9,0,-4,0,-14,-8,-19,-2,-6,0,-6,14,-31,-30,-55,
-67,-480,-457,-631,-654,-1461,-1465,-1302,-1485,-29991,-29992]} 1. Nf3 d5 2. e3
e6 3. c4 Be7 4. b3 Bf6 5. Nc3 Ne7 6. Bb2 {A13: English Opening: 1...e6.} (6.
Ba3 $14) 6... c5 $11 7. Qc2 Nbc6 {[#]} 8. Na4 $146 {The position is equal.} ({
Predecessor:} 8. a3 b6 9. Be2 Bb7 10. cxd5 exd5 11. O-O O-O 12. Rac1 Rc8 13.
Bd3 h6 14. Ne2 {1-0 (49) Jorgensen,A (1803)-Bengtsson,J (1985) Helsingor 2018})
8... b6 9. Bxf6 gxf6 10. cxd5 Qxd5 11. Nc3 Qh5 12. Ne4 Qg6 13. Nh4 Qh6 14. Nd6+
Kf8 15. Nxc8 Rxc8 16. g3 Rd8 17. Be2 Kg7 18. a3 Rd6 19. f4 Rhd8 20. Rd1 f5 21.
Nf3 (21. b4 $5) 21... Nd5 22. O-O Kg8 23. Rb1 a5 24. Bb5 Nce7 25. Rfd1 Nf6 26.
Bf1 Ng4 27. h3 Nf6 28. d3 Nc6 29. Re1 Qg7 30. Qf2 Kh8 31. Kh2 Rg8 32. Be2 Nd5 {
Hoping for ...Nxe3!} 33. Bf1 e5 34. fxe5 $2 {[%mdl 8192] [#] Loses the game.} (
{White should play} 34. Rb2 $15) 34... Rg6 $1 $19 {[%cal Rg6g3]} ({Weaker is} 
34... Nxe5 35. Nxe5 Qxe5 36. e4 $15) 35. Nh4 Rxg3 {And now ...Qg5! would win.}
36. d4 Qg5 37. Ng2 cxd4 38. exd4 {[#]} Nxd4 $1 {[%mdl 512] Weighted Error
Value: White=0.60/Black=0.05} 0-1

[Event "GCT Superbet Romania 2021"]
[Site "Bucharest"]
[Date "2021.06.09"]
[Round "5.4"]
[White "Caruana, Fabiano"]
[Black "Giri, Anish"]
[Result "1/2-1/2"]
[WhiteElo "2820"]
[BlackElo "2780"]
[Annotator "TA"]
[PlyCount "89"]
[EventDate "2021.06.05"]
[EventType "tourn"]
[EventCountry "ROU"]
[SourceTitle "playchess.com"]
[Source "ChessBase"]
[SourceQuality "1"]

{[%evp 18,89,0,-8,0,0,-7,-14,0,0,21,16,20,21,20,15,16,19,12,9,10,29,36,38,38,
31,30,25,27,33,40,31,35,0,17,11,4,-58,2,2,2,2,2,2,2,2,2,7,36,0,0,0,0,0,0,0,0,0,
0,0,0,0,0,0,0,0,0,0,0,0,0,0,0,0]} 1. e4 e5 2. Nf3 Nc6 3. Bb5 Nf6 4. O-O Nxe4 5.
d4 Nd6 6. Bxc6 dxc6 7. dxe5 Nf5 8. Qe2 Nd4 9. Nxd4 Qxd4 10. h3 Be6 {C67: Ruy
Lopez: Berlin Defence: 4 0-0 Nxe4.} 11. Rd1 Qc4 12. Rd3 {[#]} Rd8 $146 (12...
Qh4 {with more complications.} 13. Rd1 Be7 14. Nc3 O-O 15. Be3 Rfd8) ({
Predecessor:} 12... Be7 13. b3 Qh4 14. Bb2 g5 15. Rd4 g4 16. Ba3 Rd8 17. Rxd8+
Bxd8 18. hxg4 h5 {0-1 (25) Illijin,N (2290)-Sifrer,D (2440) Slovenia 1993}) 13.
b3 Qh4 14. Rxd8+ Qxd8 15. Be3 Be7 16. Nc3 O-O 17. Rd1 (17. Bxa7 $2 b6 $19)
17... Qc8 18. f4 (18. Bxa7 $2 b6 $19) 18... Rd8 19. Rf1 ({Of course not} 19.
Bxa7 Rxd1+ 20. Qxd1 b6 $17) 19... f5 20. exf6 ({Not} 20. Bxa7 $2 b6 $19) 20...
Bxf6 21. Ne4 Be7 22. Bc5 ({Don't play} 22. Bxa7 b6 $15) 22... Bxc5+ 23. Nxc5
Bf5 24. g4 b6 25. Na4 Qe6 26. Rf2 Qg6 27. Nc3 (27. Kh2 $11 Bc8 28. Nb2) 27...
h5 (27... Re8 $1 $15 28. Qc4+ Kf8) 28. Rg2 $11 hxg4 29. hxg4 Qf6 30. gxf5 Qxc3
31. Qe5 Qxe5 32. fxe5 {[%mdl 4096] [#] Endgame aiming for f6. KR-KR} Kf7 33.
Kh2 Rd4 {The position is equal.} 34. Kg3 Re4 35. e6+ Kf6 36. Kf3 Re5 (36...
Kxf5 {keeps more tension.} 37. Rxg7 Rxe6 38. Rxc7 a5 39. Rh7 Ke5) 37. Rg6+ Kxf5
38. Rxg7 Kxe6 39. Rxc7 {[%mdl 64] [#] Double Attack} Ra5 40. Rxc6+ Kd7 41. Rc3
Rxa2 42. Ke4 Kd6 43. Rc8 Kd7 44. Rc3 Kd6 45. Rc8 {Weighted Error Value:
White=0.06/Black=0.06} 1/2-1/2

[Event "GCT Superbet Romania 2021"]
[Site "Bucharest"]
[Date "2021.06.09"]
[Round "5.5"]
[White "Aronian, Levon"]
[Black "Vachier-Lagrave, Maxime"]
[Result "1/2-1/2"]
[WhiteElo "2781"]
[BlackElo "2760"]
[Annotator "TA"]
[PlyCount "91"]
[EventDate "2021.06.05"]
[EventType "tourn"]
[EventCountry "ROU"]
[SourceTitle "playchess.com"]
[Source "ChessBase"]
[SourceQuality "1"]

{[%evp 18,91,11,2,32,16,12,14,25,17,29,39,31,34,36,34,32,33,29,35,43,12,18,10,
24,27,62,72,68,67,48,23,34,28,21,27,32,27,25,8,41,41,39,36,30,32,23,38,53,54,
53,43,54,58,68,0,3,0,0,0,0,0,0,0,0,0,0,0,0,0,0,0,0,0,0,0]} 1. Nf3 {Schroeder,J}
Nf6 2. c4 c5 3. Nc3 d5 4. cxd5 Nxd5 5. e3 e6 6. Bc4 Be7 7. O-O O-O 8. Qe2 Nc6
9. d4 cxd4 10. exd4 Nb6 {D41: Queen's Gambit Declined: Semi-Tarrasch with 5
cxd5.} 11. Bd3 Nxd4 12. Nxd4 Qxd4 13. Rd1 {[#] Strongly threatening Bxh7+!} Qh4
14. g3 Qh3 15. Be4 e5 16. Bg2 {[#]} Qg4 $146 ({Predecessor:} 16... Qf5 17. a4
a5 18. Be3 Nd7 19. Nd5 Bd8 20. Rac1 Kh8 21. Qb5 Nf6 22. Bc5 Rg8 {1-0 (60)
Adams,M (2751)-Salem,A (2656) Sharjah 2017 CBM 177 [Schroeder,J]}) 17. Qxe5 Bf6
18. Qe1 Bf5 19. h3 Qb4 20. Ne4 ({Much worse is} 20. Bxb7 Rae8 $15) 20... Qxe1+
21. Rxe1 Bd4 22. Nd6 Be6 23. Nb5 Bc5 24. Be3 Bxe3 25. Rxe3 Rad8 26. b3 Nd5 27.
Re5 Nb4 28. Re2 Nc6 29. Bxc6 bxc6 30. Nxa7 Ra8 31. Nxc6 {aiming for b4.} Bxb3
32. Rb2 Be6 33. a4 Ra6 34. Ne7+ Kh8 35. a5 g6 36. Rb6 ({White should try} 36.
g4 $14) 36... Rfa8 $11 {[#] ...Rxb6 is the strong threat.The position is equal.
} 37. Rxa6 Rxa6 {[%mdl 4096] Endgame KRB-KRN} 38. g4 Kg7 39. f4 f5 40. Rb1 {
Black must now prevent Rb6.} Rxa5 41. Nc6 Ra4 42. Rb7+ Kf8 43. Rb8+ Kg7 44.
Rb7+ Kf8 45. Rb8+ Kg7 46. Rb7+ {Weighted Error Value: White=0.06/Black=0.04}
1/2-1/2